1848 1269 1709 1135 1691 1814 1761 1094 1779 1072 1605 1842 1794 1833 1176 1498 1882 1140 1067 1987 1727 1012 1089 1898 1012 1171 1443 1124 1179 1846 1328 1379 1110 1801 1795 1936 1588 1009 1054 1547 1878 1685 1732 1558 1766 1266 1747 1304 1165 1035 1892 1482 1919 1157 1399 1040 1422 1598 1534 1065 1558 1394 1978 1162 1803 1102 1168 1174 1077 1060 1036 1753 1827 1613 1506 1662 1010 1369 1754 1130 1730 1252 1818 1986 1758 1371 1147 1253 1475 1335 1545 1044 1052 1544 1946 1364 1908 1573 1042 BCNSPRNW ULIB Ver.6.0+V

เปลี่ยนเป็นภาษาไทย

Change to English
 แสดงรายละเอียดบรรณานุกรม
  กลับหน้าหลัก

Brief Record : Get Marc (ISO 2709) : E-mail record : QR code < ปิดหน้าต่าง
LEADER : 00000nam 2200000uu 4500
001    13399113612
003     ULIB
008    111128s2552||||th 000 0 tha d
020    ^a9789745181519
090    ^aนว.^bส174ร 2552
100 0  ^aสเตฟนี เมเยอร์
245 00 ^aTwilight แรกรัตติกาล/^cสเตฟนี เมเยอร์
250    ^aพิมพ์ครั้งที่ 15
260    ^aกรุงเทพฯ :^bปราชญ์เปรียว,^c2552
300    ^a452 หน้า
710 1  ^aปราชญ์เปรียว
945    ^p365^l0^i16310
995    ^aทศพร
999    ^aใช้งานได้ทุกระบบ
รายการนี้ยังไม่มีแท็ก
คุณยังไม่ได้ล็อกอิน คุณสามารถมีกิจกรรมร่วมกับเว็บไซต์ได้ แต่ต้องล็อกอินก่อน ::
  ล็อกอิน

รายการสื่อสารสนเทศ

ลำดับที่ ประเภท เลขเรียก/บาร์โค้ด สถานที่ สถานะ
1. นวนิยาย
นวนิยาย
นว. ส174ร 2552 ฉ.1 
  Barcode: 16310
ห้องสมุดวิทยาเขตสวรรค์ประชารักษ์
►นวนิยาย
บนชั้น
  ขอยืม

รายการใกล้เคียง
    ผู้แต่ง [สเตฟนี เมเยอร์]

BibComment


ยังไม่เคยถูกคอมเมนท์

คอมเมนท์ทรัพยากรรายการนี้
  คอมเมนท์: Twilight แรกรัตต..


 Copyright 2026. Bcnsprnw @Library